000
00218 a2200097 4500
001
43591
100
_a
Hill
245
_a
An advanced refresher course
260
_a
London
_b
Oxford Univ press
_c
090
_c
27409
_d
27409
942
_a
NUST-CAE
_c
M
_c
19346
999
_c
278664
_d
278664